[Event "Detroit (MOR/1a/17)"]
[Site "?"]
[Date "1990.??.??"]
[Round "?"]
[White "Boldrick, Thomas"]
[Black "Donovan, R."]
[Result "1-0"]
[WhiteElo "1680"]
[BlackElo "1605"]
[PlyCount "97"]
[EventDate "1990.??.??"]

1. d4 Nf6 2. c4 g6 3. Nc3 Bg7 4. Nf3 O-O 5. e4 e6 6. Bg5 Re8 7. e5 h6 8. exf6
hxg5 9. fxg7 Kxg7 10. Qd3 d5 11. O-O-O Nc6 12. g4 e5 13. Nxe5 Nxe5 14. dxe5
Rxe5 15. Qd4 f6 16. Bg2 c6 17. Rde1 Qd6 18. Rxe5 fxe5 19. Qd1 Be6 20. cxd5 cxd5
21. Bxd5 Bxd5 22. Qxd5 Qxd5 23. Nxd5 Rc8+ 24. Nc3 Rf8 25. Ne4 Rf4 26. f3 Rxf3
27. Nxg5 Rf4 28. Ne6+ Kf6 29. Nxf4 Kg5 30. Nd5 Kxg4 31. Kd2 Kf3 32. h4 e4 33.
Rf1+ Kg4 34. Rf4+ Kh5 35. Rxe4 g5 36. hxg5 Kxg5 37. Rf4 b5 38. Kd3 a5 39. Ke4
b4 40. Ke5 b3 41. axb3 a4 42. bxa4 Kg6 43. a5 Kg5 44. a6 Kg6 45. a7 Kg5 46.
a8=Q Kg6 47. Qg8+ Kh5 48. Nf6+ Kh6 49. Rh4# 1-0

[Event "Detroit (MOR/1a/7)"]
[Site "?"]
[Date "1990.??.??"]
[Round "?"]
[White "Bolda, M."]
[Black "Royster, H."]
[Result "1-0"]
[WhiteElo "1765"]
[BlackElo "1605"]
[PlyCount "97"]
[EventDate "1990.??.??"]

1. c4 e5 2. Nc3 Nf6 3. d3 Bb4 4. Bd2 Bxc3 5. Bxc3 d6 6. g3 O-O 7. Bg2 c6 8. b4
Nbd7 9. Qb3 c5 10. Nf3 e4 11. Nd2 exd3 12. exd3 Re8+ 13. Kd1 Ng4 14. Ne4 Nde5
15. h3 Nf6 16. Nxf6+ Qxf6 17. f4 Qg6 18. Be4 Qxg3 19. fxe5 Rb8 20. Kc2 dxe5 21.
Qa4 Be6 22. Rag1 Qf4 23. Rf1 Qg5 24. Rhg1 Qh5 25. Bf3 Qh4 26. Bxe5 g6 27. Bxb8
Rxb8 28. Qxa7 Qd8 29. Qxc5 Rc8 30. Qe3 Qd7 31. Kb2 Qa4 32. a3 b5 33. Bd1 Qa6
34. Bg4 bxc4 35. Bxe6 c3+ 36. Kb3 fxe6 37. Rf6 Re8 38. Re1 Kg7 39. Rxe6 Rxe6
40. Qxe6 Qxd3 41. Qe7+ Kh6 42. Qe3+ Qxe3 43. Rxe3 c2 44. Kxc2 Kh5 45. b5 h6 46.
b6 g5 47. b7 Kh4 48. b8=Q h5 49. Qg3# 1-0

[Event "Detroit (MOR/3/21)"]
[Site "?"]
[Date "1990.??.??"]
[Round "?"]
[White "Bolda, M."]
[Black "Needleman, Andrew"]
[Result "1/2-1/2"]
[WhiteElo "1765"]
[BlackElo "1605"]
[PlyCount "102"]
[EventDate "1990.??.??"]

{3/(21)} 1. d4 d5 2. e3 Nf6 3. Bd3 Nc6 4. f4 Bg4 5. Nf3 Ne4 6. Nbd2 Nxd2 7.
Bxd2 Bxf3 8. Qxf3 Qd6 9. a3 O-O-O 10. b4 f6 11. b5 Nb8 12. Bb4 Qb6 13. a4 c6
14. Bc5 Qa5+ 15. Kf2 e5 16. Bxf8 Rhxf8 17. Bf5+ Kc7 18. Bxh7 exf4 19. exf4 Qd2+
20. Kg3 Qxd4 21. Rhe1 g5 22. Re7+ Rd7 23. Rxd7+ Nxd7 24. Rf1 Qxa4 25. bxc6 bxc6
26. Qg4 Qa3+ 27. Rf3 Qd6 28. Bf5 gxf4+ 29. Rxf4 Ne5 30. Qg7+ Rf7 31. Qh8 Qf8
32. Qh3 Qa3+ 33. Kh4 Qxh3+ 34. Kxh3 Kb6 35. Be6 Rf8 36. c4 dxc4 37. Bxc4 Nxc4
38. Rxc4 Kb5 39. Rc3 c5 40. g4 Kb4 41. Rf3 Rh8+ 42. Kg3 Rh6 43. h4 c4 44. Rf4
Kb3 45. g5 Rg6 46. Rxf6 Rg8 47. Rc6 a5 48. Kg4 c3 49. h5 c2 50. h6 Kb2 51. Rb6+
Ka2 1/2-1/2

[Event "Lansing (Feb)"]
[Site "?"]
[Date "1990.??.??"]
[Round "?"]
[White "Bohnhorst, B."]
[Black "Vangilder, W."]
[Result "1/2-1/2"]
[WhiteElo "1605"]
[BlackElo "1605"]
[PlyCount "82"]
[EventDate "1990.??.??"]

1. e4 e5 2. Nf3 Nf6 3. d4 exd4 4. Nxd4 Nxe4 5. Qe2 d5 6. Nc3 Bb4 7. Qb5+ Nc6 8.
Nxc6 Bxc3+ 9. bxc3 bxc6 10. Qxc6+ Bd7 11. Qxd5 Nd6 12. Qe5+ Qe7 13. Qxe7+ Kxe7
14. Be3 Rhe8 15. Bd3 f5 16. O-O Bb5 17. Bc5 Kd7 18. Bxd6 Bxd3 19. cxd3 cxd6 20.
Rab1 Rab8 21. f3 Rxb1 22. Rxb1 Kc7 23. Kf2 Rc8 24. Rb4 Kd7 25. c4 Rc5 26. Rb5
Rxb5 27. cxb5 Kc7 28. a4 Kb6 29. Ke3 Ka5 30. Kd4 Kxa4 31. Kc4 Ka5 32. g3 Kb6
33. d4 Ka5 34. f4 g6 35. h3 h6 36. g4 Kb6 37. Kb4 d5 38. gxf5 gxf5 39. h4 h5
40. Ka4 a6 41. bxa6 Kxa6 1/2-1/2

[Event "Lansing (Mini-Swiss.4/3)"]
[Site "?"]
[Date "1990.??.??"]
[Round "?"]
[White "Bohnhorst, B."]
[Black "Hunt, D."]
[Result "1-0"]
[WhiteElo "1605"]
[BlackElo "1605"]
[PlyCount "51"]
[EventDate "1990.??.??"]

{4/(3)} 1. e4 e5 2. Nf3 Nc6 3. Bb5 Nf6 4. Bxc6 bxc6 5. O-O d5 6. d3 Ba6 7. Re1
Bc5 8. Nxe5 Qd6 9. exd5 cxd5 10. Ng6+ Ne4 11. Qe2 Qxg6 12. Qf3 O-O 13. dxe4
Rae8 14. Nc3 c6 15. Bd2 Bd4 16. Rac1 Bxc3 17. Bxc3 f6 18. exd5 Rxe1+ 19. Bxe1
Qg5 20. Rd1 Rd8 21. dxc6 Rc8 22. Qb3+ Kh8 23. Qe6 h6 24. c7 Qb5 25. c4 Qxb2 26.
Rd8+ 1-0

[Event "Lansing (Apr)"]
[Site "?"]
[Date "1990.??.??"]
[Round "?"]
[White "Bohnhorst, B."]
[Black "Haack, J."]
[Result "0-1"]
[WhiteElo "1605"]
[BlackElo "1605"]
[PlyCount "102"]
[EventDate "1990.??.??"]

1. e4 e5 2. Nf3 Nc6 3. Bb5 Nge7 4. O-O a6 5. Bxc6 Nxc6 6. d4 exd4 7. Nxd4 Qf6
8. e5 Nxe5 9. Re1 Bd6 10. Nf3 O-O 11. Bf4 Nxf3+ 12. Qxf3 Qxf4 13. Qxf4 Bxf4 14.
Nc3 d6 15. Nd5 Bd2 16. Re2 Ba5 17. c3 Be6 18. Nf4 Bc4 19. Re4 Bb5 20. Rae1 Rae8
21. Rxe8 Rxe8 22. Rxe8+ Bxe8 23. Nd5 f6 24. b4 Bb6 25. Nxb6 cxb6 26. Kf1 Kf7
27. Ke2 Bb5+ 28. Ke3 d5 29. Kd4 Bc4 30. a4 Ke6 31. Ke3 g5 32. f4 h6 33. g3 Bb3
34. a5 bxa5 35. bxa5 g4 36. Kd4 Kd6 37. Kd3 Bd1 38. Kd4 Kc6 39. c4 dxc4 40.
Kxc4 f5 41. Kd4 Kb5 42. Ke5 Bc2 43. Kf6 Kxa5 44. Kg6 b5 45. Kxh6 b4 46. Kh5 b3
47. Kh4 b2 48. h3 gxh3 49. Kxh3 b1=Q 50. g4 fxg4+ 51. Kxg4 Qg1+ 0-1

[Event "Lansing (Feb)"]
[Site "?"]
[Date "1990.??.??"]
[Round "?"]
[White "Bohnhorst, B."]
[Black "Cusenza, J."]
[Result "1-0"]
[WhiteElo "1605"]
[BlackElo "1605"]
[PlyCount "101"]
[EventDate "1990.??.??"]

1. e4 c5 2. Nc3 a6 3. Bc4 b5 4. Bd5 Ra7 5. e5 e6 6. Bf3 d5 7. exd6 Bxd6 8. Nge2
Qc7 9. g3 f5 10. d3 b4 11. Na4 Bd7 12. c3 Qa5 13. b3 Be5 14. Bb2 Nc6 15. c4
Nge7 16. Bxe5 Nxe5 17. Bg2 Bxa4 18. bxa4 Rd7 19. d4 b3+ 20. Kf1 b2 21. Rb1 Nxc4
22. Kg1 O-O 23. Qc2 Na3 24. Qxb2 Nxb1 25. Qxb1 Qxa4 26. Nf4 Rxd4 27. Qb7 Rd1+
28. Bf1 Qb5 29. Kg2 Qc6+ 30. Qxc6 Nxc6 31. Nxe6 Re8 32. Nxc5 a5 33. Bc4+ Kh8
34. Rxd1 g6 35. Bb5 Rc8 36. Bxc6 Rxc6 37. Rd5 Kg7 38. a4 Kf7 39. Nb3 Rb6 40.
Rb5 Ra6 41. Nxa5 Ke7 42. Rb7+ Kd8 43. Nb3 Rxa4 44. Rxh7 Ke8 45. Rg7 Ra6 46. f4
Kf8 47. Rb7 Kg8 48. Nc5 Rc6 49. Nd3 Kh8 50. Ne5 Rd6 51. Nf7+ 1-0

[Event "Lansing (Apr)"]
[Site "?"]
[Date "1990.??.??"]
[Round "?"]
[White "Bohley, D."]
[Black "Rogers, Bradley"]
[Result "0-1"]
[WhiteElo "2000"]
[BlackElo "2235"]
[PlyCount "66"]
[EventDate "1990.??.??"]

1. e4 e6 2. b3 d5 3. Bb2 dxe4 4. Nc3 Nf6 5. Qe2 Bd7 6. Nxe4 Nxe4 7. Qxe4 Bc6 8.
Qe3 Nd7 9. O-O-O Nf6 10. Ne2 b6 11. Nc3 Be7 12. f3 Bb7 13. d4 c6 14. Kb1 Qc7
15. Bd3 h5 16. Ne2 Nd5 17. Qd2 b5 18. Be4 a5 19. Bxd5 cxd5 20. Rc1 a4 21. Nf4
Bd6 22. g3 b4 23. Nd3 Qa5 24. Ba1 f6 25. f4 Kf7 26. Rhe1 Ba6 27. Nf2 h4 28. g4
axb3 29. cxb3 Bxf4 30. Qb2 Bxh2 31. g5 Bg3 32. g6+ Kxg6 33. Qc2+ Kf7 0-1

[Event "Flint (Class C/1)"]
[Site "?"]
[Date "1990.??.??"]
[Round "?"]
[White "Bloch, Hermann"]
[Black "Walls, R."]
[Result "1-0"]
[WhiteElo "1605"]
[BlackElo "1605"]
[PlyCount "79"]
[EventDate "1990.??.??"]

1. e4 c5 2. Nf3 Nc6 3. c3 e6 4. Bb5 d6 5. d4 cxd4 6. cxd4 Qa5+ 7. Nc3 a6 8. Ba4
b5 9. Bb3 Nf6 10. Qe2 d5 11. Bd2 Qb6 12. exd5 Nxd4 13. Nxd4 Qxd4 14. dxe6 Bxe6
15. Bxe6 Be7 16. Bb3 Qd7 17. O-O O-O 18. Rad1 Rfe8 19. Qf3 Qc7 20. Bg5 Qc5 21.
Bxf6 Bxf6 22. Ne4 Qe5 23. Nxf6+ Qxf6 24. Qxf6 gxf6 25. Rd7 Rf8 26. Rc1 Rae8 27.
Kf1 Kg7 28. Rcc7 Re5 29. Bxf7 Kh6 30. Bb3 Rfe8 31. Rxh7+ Kg5 32. Rcg7+ Kf5 33.
Rh5+ Ke4 34. Rxe5+ Kxe5 35. Ra7 Rc8 36. Rxa6 Rc1+ 37. Ke2 Rb1 38. Kf3 Rxb2 39.
g4 Rd2 40. Re6+ 1-0

[Event "Flint (Class C/3)"]
[Site "?"]
[Date "1990.??.??"]
[Round "?"]
[White "Bloch, Hermann"]
[Black "Sivak, D."]
[Result "1-0"]
[WhiteElo "1605"]
[BlackElo "1605"]
[PlyCount "115"]
[EventDate "1990.??.??"]

1. d4 Nf6 2. Nc3 d5 3. Bg5 e6 4. e4 h6 5. Bxf6 Qxf6 6. exd5 Bb4 7. Bb5+ Bd7 8.
Bxd7+ Nxd7 9. dxe6 Qxe6+ 10. Qe2 Bxc3+ 11. bxc3 Qxe2+ 12. Nxe2 O-O 13. O-O Rfe8
14. Rae1 Nb6 15. Nc1 Na4 16. c4 Rad8 17. Re3 Nb6 18. c5 Nc4 19. Rxe8+ Rxe8 20.
Rd1 Na3 21. c3 Nb5 22. Kf1 Nxc3 23. Rd3 Nd5 24. Ne2 g5 25. a4 b6 26. Ng3 Kg7
27. Nf5+ Kg6 28. Ne3 Nxe3+ 29. fxe3 f5 30. g3 g4 31. Ke2 Kg5 32. cxb6 cxb6 33.
Rc3 Re7 34. Rc8 f4 35. Rg8+ Kh5 36. gxf4 Kh4 37. Rg6 h5 38. f5 Kh3 39. Rh6 h4
40. f6 Rf7 41. e4 g3 42. hxg3 Kxg3 43. Rg6+ Kf4 44. e5 h3 45. Kf2 Ke4 46. Rg7
Rf8 47. Rg4+ Kd5 48. Kg1 a6 49. Kh2 b5 50. axb5 axb5 51. Kxh3 b4 52. Kg3 b3 53.
Kf4 b2 54. Rg1 Kxd4 55. Kf5 Kc3 56. e6 Kc2 57. e7 b1=Q 58. Rxb1 1-0

[Event "Flint (Class C/4)"]
[Site "?"]
[Date "1990.??.??"]
[Round "?"]
[White "Bloch, Hermann"]
[Black "Rubel, J."]
[Result "0-1"]
[WhiteElo "1605"]
[BlackElo "1605"]
[PlyCount "142"]
[EventDate "1990.??.??"]

1. e4 d6 2. d4 Nf6 3. Nc3 g6 4. h3 Bg7 5. Nf3 O-O 6. Bc4 c6 7. a4 d5 8. Bd3
dxe4 9. Nxe4 Nxe4 10. Bxe4 Be6 11. Qd3 Bd5 12. O-O Na6 13. c3 Nc7 14. Bf4 Ne6
15. Be3 Qd6 16. Rfe1 Nc7 17. Qc2 Bxe4 18. Qxe4 Nd5 19. Bg5 e6 20. Qh4 Rae8 21.
Bh6 f6 22. Bxg7 Kxg7 23. Qe4 a5 24. Nd2 Nb6 25. Qc2 c5 26. Ne4 Qc6 27. Nxc5 Rf7
28. Qb3 Rfe7 29. Re2 Nd5 30. g3 e5 31. Qb5 Qxb5 32. axb5 exd4 33. Rxe7+ Rxe7
34. cxd4 b6 35. Nd3 Kf7 36. Kf1 Ke6 37. Rc1 Kd6 38. Rc6+ Kd7 39. Nf4 Nxf4 40.
gxf4 Re6 41. d5 Rd6 42. Ke2 f5 43. Ke3 Rxd5 44. Rxb6 Kc7 45. Re6 Rxb5 46. Re7+
Kc6 47. Rxh7 Rxb2 48. Rh6 Rb3+ 49. Ke2 a4 50. Rxg6+ Kb5 51. h4 a3 52. Rg1 Rb2+
53. Kf3 a2 54. Ra1 Kb4 55. Ke3 Ka3 56. f3 Rb1 57. Rxa2+ Kxa2 58. h5 Rd1 59. h6
Rd7 60. Ke2 Kb3 61. Kf2 Kc3 62. Kg3 Rh7 63. Kh4 Rxh6+ 64. Kg5 Rh3 65. Kxf5 Rxf3
66. Ke4 Rf1 67. f5 Kc4 68. Ke5 Kc5 69. Ke6 Re1+ 70. Kf7 Kd6 71. f6 Rf1 0-1

[Event "Detroit (MCO/5/27)"]
[Site "?"]
[Date "1990.??.??"]
[Round "?"]
[White "Bishop, T."]
[Black "Reeves, Andre"]
[Result "1/2-1/2"]
[WhiteElo "1605"]
[BlackElo "1605"]
[PlyCount "45"]
[EventDate "1990.??.??"]

{5/(27)} 1. e4 c5 2. Bc4 d6 3. d3 g6 4. Bg5 Bg7 5. Nc3 f5 6. exf5 Bxf5 7. Qe2
Nf6 8. O-O-O a5 9. Nf3 d5 10. Bb5+ Nc6 11. Ne5 O-O 12. Nxc6 bxc6 13. Bxc6 Rb8
14. f3 Qb6 15. Na4 Qxc6 16. b3 c4 17. Kd2 cxd3 18. cxd3 Rfd8 19. Qxe7 Ne4+ 20.
fxe4 dxe4 21. Rc1 e3+ 22. Bxe3 Rxd3+ 23. Ke1 1/2-1/2

[Event "Detroit (MCO/3/25)"]
[Site "?"]
[Date "1990.??.??"]
[Round "?"]
[White "Bishop, T."]
[Black "Burke, David"]
[Result "0-1"]
[WhiteElo "1605"]
[BlackElo "1605"]
[PlyCount "54"]
[EventDate "1990.??.??"]

{3/(25)} 1. e4 e5 2. Nf3 Nc6 3. Bc4 Bc5 4. O-O d6 5. Re1 Bg4 6. d3 Nd4 7. Bg5
Bxf3 8. gxf3 Qxg5+ 9. Kf1 h5 10. Nc3 Rh6 11. Nd5 O-O-O 12. c3 Rg6 13. cxd4 Bxd4
14. Qc2 c6 15. Ke2 cxd5 16. Bxd5+ Kb8 17. Qb3 b6 18. Qc4 Ne7 19. Rac1 Nxd5 20.
exd5 Qe7 21. a4 Qb7 22. Ra1 f5 23. Rec1 Bxb2 24. Rab1 Bxc1 25. Rxc1 Rc8 26. Qb4
Rxc1 27. Qxd6+ Rxd6 0-1

[Event "Detroit (MCO/1/23)"]
[Site "?"]
[Date "1990.??.??"]
[Round "?"]
[White "Bishop, T."]
[Black "Boyce, Alroy"]
[Result "0-1"]
[WhiteElo "1605"]
[BlackElo "1825"]
[PlyCount "48"]
[EventDate "1990.??.??"]

{1/(23)} 1. e4 c5 2. Bc4 Nc6 3. Nf3 e6 4. O-O d5 5. exd5 exd5 6. Bb5 Bd7 7.
Re1+ Be7 8. Ne5 Nxe5 9. Bxd7+ Nxd7 10. Nc3 Ngf6 11. d3 O-O 12. Bg5 Re8 13. Re3
d4 14. Rh3 dxc3 15. bxc3 h6 16. Bxf6 Nxf6 17. Qf3 Nd5 18. Qg4 Qd6 19. Rg3 Bf6
20. c4 Bxa1 21. Qxg7+ Bxg7 22. h3 Nc3 23. Kh2 Re1 24. h4 Ne2 0-1

[Event "Detroit (RVO/1)"]
[Site "?"]
[Date "1990.??.??"]
[Round "?"]
[White "Bezrutch, B."]
[Black "Slattery, R."]
[Result "1-0"]
[WhiteElo "1780"]
[BlackElo "1605"]
[PlyCount "48"]
[EventDate "1990.??.??"]

1. e4 c5 2. c3 Nf6 3. d3 d5 4. exd5 Nxd5 5. Nf3 Bg4 6. Be2 Qd6 7. O-O Nf4 8. h3
Bxf3 9. Bxf3 Nc6 10. Be3 b6 11. Bxf4 Qxf4 12. Bxc6+ Kd8 13. Bxa8 e6 14. d4 Bd6
15. g3 Qh6 16. Kg2 f5 17. dxc5 Kd7 18. Qxd6+ Ke8 19. Qb8+ Kf7 20. Qxh8 g5 21.
Re1 f4 22. Bd5 fxg3 23. fxg3 exd5 24. Qe8+ Kg7 1-0

[Event "Detroit (RVO/3)"]
[Site "?"]
[Date "1990.??.??"]
[Round "?"]
[White "Bezrutch, B."]
[Black "Albacker, D."]
[Result "1/2-1/2"]
[WhiteElo "1780"]
[BlackElo "1605"]
[PlyCount "93"]
[EventDate "1990.??.??"]

1. e4 e5 2. Nf3 d6 3. Bc4 h6 4. d4 exd4 5. Nxd4 Nf6 6. Qe2 Nbd7 7. O-O Qe7 8.
Nc3 g5 9. Bd2 a6 10. Rae1 Ne5 11. f4 gxf4 12. Bxf4 Bd7 13. Nd5 Bg4 14. Nf3 Nxd5
15. Bxd5 c6 16. Bb3 Rg8 17. Qe3 Bxf3 18. Rxf3 Nxf3+ 19. Qxf3 O-O-O 20. Qe3 Bg7
21. e5 Bxe5 22. Bxe5 dxe5 23. Rf1 Rgf8 24. Qxh6 Qc5+ 25. Kh1 Rd6 26. Qxf8+ Kc7
27. Qxf7+ Kb6 28. Ba4 Qd4 29. Qb3+ Kc7 30. Rf7+ Rd7 31. Rf1 b5 32. c3 Qd2 33.
Qc2 bxa4 34. Qxa4 Qxb2 35. Qa5+ Kb7 36. h3 Re7 37. c4 e4 38. c5 e3 39. Qd8 Rg7
40. Qb6+ Qxb6 41. cxb6 Kxb6 42. Re1 Re7 43. g4 e2 44. Kg2 c5 45. Kf2 Rh7 46.
Rh1 Rc7 47. Re1 1/2-1/2

[Event "Reykjavik op"]
[Site "Reykjavik"]
[Date "1990.??.??"]
[Round "3"]
[White "Benjamin, Joel"]
[Black "Finegold, Ben"]
[Result "1-0"]
[WhiteElo "2530"]
[BlackElo "2445"]
[PlyCount "133"]
[EventDate "1990.03.??"]

1. e4 e5 2. Nf3 Nc6 3. Bb5 Nf6 4. d3 d6 5. c3 Be7 6. Nbd2 O-O 7. O-O Bd7 8. Ba4
h6 9. Re1 Nh7 10. d4 Bf6 11. Nf1 Qe8 12. dxe5 Nxe5 13. Bxd7 Nxf3+ 14. Qxf3 Qxd7
15. Ng3 Rfe8 16. Qd3 Bh4 17. Be3 Bxg3 18. hxg3 Nf6 19. Bd4 Ng4 20. f3 Ne5 21.
Qc2 Qe6 22. Bf2 b6 23. b3 a5 24. a4 Rad8 25. Rad1 Qg6 26. c4 Rf8 27. Rd5 Rde8
28. Kf1 Re7 29. g4 h5 30. gxh5 Qxh5 31. Bg3 Re6 32. Bxe5 dxe5 33. Ke2 Qg5 34.
Kd1 Rg6 35. Rd2 Rd8 36. Ree2 Rgd6 37. Rd5 Rg6 38. Qd2 Rxd5 39. cxd5 Qe7 40. Qc3
Rd6 41. Kc1 f6 42. Rc2 Rd7 43. Kb2 Qd6 44. Qe1 Qe7 45. Qc1 Kf7 46. Rc6 Kg6 47.
g4 Qb4 48. Rc4 Qe7 49. Qc3 Kg5 50. Rc6 Kg6 51. Qc2 Qb4 52. Rc4 Qe1 53. f4 Qg3
54. f5+ Kh7 55. Rxc7 Rxc7 56. Qxc7 Qf2+ 57. Qc2 Qd4+ 58. Kc1 Qe3+ 59. Kb2 Qd4+
60. Kc1 Qe3+ 61. Kd1 Kg8 62. d6 Kf8 63. Qc8+ Kf7 64. Qe6+ Kf8 65. Qd5 Qf3+ 66.
Kc2 Qe2+ 67. Kc3 1-0

[Event "Detroit (RVO/1)"]
[Site "?"]
[Date "1990.??.??"]
[Round "?"]
[White "Bemben, R."]
[Black "Rosebrook, G."]
[Result "1-0"]
[WhiteElo "1895"]
[BlackElo "1605"]
[PlyCount "65"]
[EventDate "1990.??.??"]

1. b4 e6 2. b5 Nf6 3. Bb2 c6 4. a4 d5 5. e3 Nbd7 6. Nf3 Be7 7. c4 O-O 8. Be2 a6
9. O-O Qc7 10. d4 dxc4 11. Qc2 Nd5 12. Na3 Rd8 13. Rfb1 N7b6 14. a5 Nd7 15. b6
Qb8 16. Nxc4 Nf8 17. g3 Bd7 18. Ba3 Bxa3 19. Rxa3 Be8 20. e4 Ne7 21. Qb3 f6 22.
e5 Rd5 23. Nd6 Nf5 24. Nxf5 exf5 25. Bc4 Bf7 26. exf6 Qd8 27. fxg7 Kxg7 28. Ne5
Rb5 29. Qc2 Rxb1+ 30. Qxb1 Bxc4 31. Nxc4 Qxd4 32. Ne3 Qe4 33. Nxf5+ 1-0

[Event "Detroit (MCO/2/16)"]
[Site "?"]
[Date "1990.??.??"]
[Round "?"]
[White "Bemben, R."]
[Black "Lester, T."]
[Result "1-0"]
[WhiteElo "1895"]
[BlackElo "1605"]
[PlyCount "57"]
[EventDate "1990.??.??"]

{2/(16)} 1. Nf3 c5 2. e3 Nc6 3. d4 cxd4 4. exd4 e6 5. c3 Nf6 6. Bd3 d5 7. O-O
Bd6 8. Bg5 O-O 9. Re1 Be7 10. Nbd2 b6 11. Ne5 Nxe5 12. dxe5 Nd7 13. Bxe7 Qxe7
14. Qh5 h6 15. Nf3 Nc5 16. Bc2 Ba6 17. Rad1 Bc4 18. Bb1 a5 19. g4 f6 20. Nh4
Qd8 21. Ng6 Rf7 22. f4 Bb5 23. f5 Be8 24. Qh3 b5 25. Qe3 Rc8 26. Nf4 exf5 27.
Bxf5 Rcc7 28. Rxd5 Qa8 29. exf6 1-0

[Event "Detroit (RVO/5)"]
[Site "?"]
[Date "1990.??.??"]
[Round "?"]
[White "Bemben, R."]
[Black "Householder, James"]
[Result "1-0"]
[WhiteElo "1895"]
[BlackElo "1605"]
[PlyCount "88"]
[EventDate "1990.??.??"]

1. Nf3 g6 2. d4 d5 3. Bf4 Nf6 4. e3 Nh5 5. Be5 f6 6. Bg3 Bg4 7. Be2 Qd7 8. Nc3
Nc6 9. Nb5 Nxg3 10. hxg3 a6 11. Na3 O-O-O 12. c4 e6 13. Nc2 Bxf3 14. gxf3 Nb4
15. c5 Nxc2+ 16. Qxc2 e5 17. c6 Qxc6 18. Qxc6 bxc6 19. Bxa6+ Kd7 20. a3 exd4
21. exd4 Re8+ 22. Kd2 Ra8 23. Bd3 Bd6 24. b4 f5 25. Rhb1 Ke6 26. f4 h5 27. Rh1
Ra7 28. Kc3 Rha8 29. Kb3 Bf8 30. Rhe1+ Kd7 31. Red1 Bg7 32. Bf1 Rh8 33. Be2 Kd6
34. Bf3 h4 35. Kc3 hxg3 36. fxg3 Bf6 37. Rh1 Rxh1 38. Bxh1 g5 39. Bg2 g4 40. a4
Ra8 41. a5 Ke6 42. Bf1 c5 43. bxc5 c6 44. a6 Ra7 1-0

[Event "Detroit (MCO/4/14)"]
[Site "?"]
[Date "1990.??.??"]
[Round "?"]
[White "Bemben, R."]
[Black "Burwell, Raymond"]
[Result "0-1"]
[WhiteElo "1895"]
[BlackElo "1740"]
[PlyCount "131"]
[EventDate "1990.??.??"]

{4/(14)} 1. Nf3 Nf6 2. b3 d5 3. Bb2 e6 4. g3 Be7 5. Bg2 O-O 6. c4 c6 7. O-O
Nbd7 8. Nc3 Rb8 9. Qc2 b6 10. d3 Bb7 11. e4 dxe4 12. dxe4 c5 13. Rfe1 a6 14.
Rad1 Qc7 15. Rd2 Rfd8 16. Nd1 h6 17. Qc3 Ne8 18. e5 Nf8 19. Ree2 Nh7 20. h4 Bc6
21. Ne3 Qb7 22. Nh2 Bxg2 23. Nxg2 Rxd2 24. Rxd2 Rd8 25. Rxd8 Bxd8 26. Qd3 Qc7
27. Ne3 Nf8 28. f4 Qd7 29. Qe2 f6 30. exf6 Bxf6 31. Bxf6 Nxf6 32. Nf3 Ng6 33.
Qc2 Ne7 34. g4 Nc6 35. Ne5 Nxe5 36. fxe5 Qd4 37. exf6 Qxe3+ 38. Qf2 Qxf2+ 39.
Kxf2 gxf6 40. Ke3 Kf7 41. h5 Ke7 42. Ke4 Kd6 43. Kf4 Ke7 44. Ke4 Kf7 45. Kf4
e5+ 46. Ke4 Ke6 47. a3 b5 48. Kd3 f5 49. cxb5 axb5 50. g5 e4+ 51. Ke3 hxg5 52.
a4 bxa4 53. bxa4 c4 54. h6 Kf6 55. h7 Kg7 56. a5 c3 57. a6 f4+ 58. Kxe4 c2 59.
h8=Q+ Kxh8 60. a7 c1=Q 61. a8=Q+ Kg7 62. Qb7+ Kh6 63. Qa6+ Kh5 64. Qe2+ g4 65.
Kf5 Qc5+ 66. Kf6 0-1

[Event "Detroit (RVO/3)"]
[Site "?"]
[Date "1990.??.??"]
[Round "?"]
[White "Bemben, R."]
[Black "Asbury, Victor"]
[Result "0-1"]
[WhiteElo "1895"]
[BlackElo "1640"]
[PlyCount "102"]
[EventDate "1990.??.??"]

1. b4 b6 2. Bb2 c5 3. bxc5 bxc5 4. c4 Nc6 5. Nf3 e6 6. g3 Rb8 7. Bc3 Nf6 8. d3
Be7 9. Bg2 O-O 10. O-O Rb6 11. Nbd2 d5 12. Ne5 Nxe5 13. Bxe5 d4 14. Ne4 Nxe4
15. Bxe4 Bd6 16. Bxd6 Qxd6 17. Qc2 Bb7 18. Bxb7 Rxb7 19. Rab1 Rfb8 20. Rxb7
Rxb7 21. Rb1 Rb6 22. a4 a5 23. Rb5 Rxb5 24. cxb5 Kf8 25. Qd2 Qb6 26. Qg5 f6 27.
Qh5 h6 28. Qf3 Ke7 29. Qa8 Kd6 30. f4 c4 31. Qf8+ Kd5 32. dxc4+ Kxc4 33. Qc8+
Qc5 34. Qxc5+ Kxc5 35. h4 e5 36. fxe5 fxe5 37. h5 e4 38. Kf1 Kd5 39. Ke1 Kc5
40. Kd2 Kd5 41. Kc2 Kc5 42. Kb3 Kd5 43. b6 Kc6 44. b7 Kxb7 45. Kc4 d3 46. exd3
e3 47. Kc3 Kc6 48. Kc2 Kc5 49. Kd1 Kb4 50. Ke2 Kxa4 51. Kxe3 Kb5 0-1

[Event "Detroit (MI Op/3/3)"]
[Site "?"]
[Date "1990.??.??"]
[Round "?"]
[White "Beider, Andrew"]
[Black "Thompson, Dexter"]
[Result "0-1"]
[WhiteElo "2150"]
[BlackElo "2315"]
[PlyCount "62"]
[EventDate "1990.??.??"]

{3/(3)} 1. Nf3 d5 2. d4 c6 3. c3 Nf6 4. g3 Bf5 5. Bg2 e6 6. O-O h6 7. Na3 Nbd7
8. Nc2 Bd6 9. Ne3 Bh7 10. c4 a5 11. b3 O-O 12. Bb2 Qe7 13. a3 b6 14. Ra2 Ne4
15. Re1 f5 16. Ne5 Nxe5 17. dxe5 Bc5 18. Bxe4 dxe4 19. Ng2 Rad8 20. Qc1 g5 21.
e3 Rd3 22. Qc2 f4 23. gxf4 gxf4 24. Nxf4 Rxf4 25. exf4 e3 26. Rd1 exf2+ 27. Kf1
Qg7 28. Raa1 Qg1+ 29. Ke2 Re3+ 30. Kd2 f1=N+ 31. Rxf1 Qg2+ 0-1

[Event "Detroit (MI Op/6/4)"]
[Site "?"]
[Date "1990.??.??"]
[Round "?"]
[White "Beider, Andrew"]
[Black "Hahn, David"]
[Result "0-1"]
[WhiteElo "2150"]
[BlackElo "2265"]
[PlyCount "126"]
[EventDate "1990.??.??"]

{6/(4)} 1. d4 g6 2. e4 Bg7 3. Nf3 d6 4. Nc3 a6 5. Bc4 b5 6. Bb3 Nc6 7. Be3 Na5
8. O-O Nxb3 9. axb3 c6 10. Qd2 Nf6 11. b4 O-O 12. Bh6 Bg4 13. Bxg7 Kxg7 14. Ne1
a5 15. Nd3 axb4 16. Nxb4 Qb6 17. h3 Be6 18. d5 Bd7 19. dxc6 Bxc6 20. Nxc6 Qxc6
21. Qd4 Rfc8 22. Rxa8 Qxa8 23. Qb4 Rc5 24. f4 Qc6 25. Rb1 e5 26. fxe5 Rxe5 27.
Rd1 Nxe4 28. Nxe4 Rxe4 29. Qxd6 Qxc2 30. Rd2 Re1+ 31. Kh2 Qe4 32. Qd4+ Qxd4 33.
Rxd4 Re2 34. Rb4 Re5 35. Kg3 h5 36. Kf4 Kf6 37. g3 g5+ 38. Kf3 Kg6 39. Rd4 Rc5
40. Rb4 Kf5 41. g4+ hxg4+ 42. hxg4+ Kg6 43. Kg3 f5 44. gxf5+ Kxf5 45. Kf3 Rd5
46. Kg3 Ke5 47. Kf3 Kd6 48. Ke4 g4 49. Kf4 Kc5 50. Rb3 Rd4+ 51. Ke5 Rd2 52.
Rc3+ Kb4 53. Rg3 Rxb2 54. Rxg4+ Ka3 55. Kd5 Rc2 56. Rg8 b4 57. Ra8+ Kb2 58. Kd4
b3 59. Kd3 Rc7 60. Rb8 Rd7+ 61. Kc4 Kc2 62. Kb4 b2 63. Rc8+ Kd2 0-1

[Event "Detroit (MI Op/5/10)"]
[Site "?"]
[Date "1990.??.??"]
[Round "?"]
[White "Beider, Andrew"]
[Black "El-murr, Toni"]
[Result "1-0"]
[WhiteElo "2150"]
[BlackElo "1940"]
[PlyCount "85"]
[EventDate "1990.??.??"]

{5/(10)} 1. d4 Nf6 2. c4 c6 3. Nc3 d5 4. cxd5 Nxd5 5. e4 Nf6 6. Nf3 e6 7. e5
Nd5 8. Bd3 Be7 9. O-O b5 10. a3 a6 11. Bd2 Bb7 12. Ne4 h6 13. b4 Nd7 14. Nc5
Nxc5 15. dxc5 Qc7 16. Qe2 Rd8 17. Rad1 Ra8 18. Rc1 Qd7 19. Rfd1 Rd8 20. Be4 Ra8
21. Bb1 Qc7 22. Qe4 Rd8 23. Bf4 Bc8 24. Bd2 Bd7 25. h4 Ra8 26. g3 Qd8 27. Kg2
Qc7 28. Nd4 Rd8 29. f4 Ra8 30. Nf3 Kd8 31. Bd3 Kc8 32. Qe2 Kb7 33. a4 f5 34.
Ra1 Rhg8 35. Rdc1 Rgd8 36. Nd4 g6 37. Kf2 g5 38. axb5 cxb5 39. c6+ Bxc6 40.
Rxc6 Qd7 41. Bxb5 Nxf4 42. Bxa6+ Ka7 43. Bc8+ 1-0

[Event "Detroit (MI Op/1a/14)"]
[Site "?"]
[Date "1990.??.??"]
[Round "?"]
[White "Beider, Andrew"]
[Black "Bee, A."]
[Result "1-0"]
[WhiteElo "2150"]
[BlackElo "1875"]
[PlyCount "93"]
[EventDate "1990.??.??"]

1. e4 d6 2. c4 Nf6 3. Nc3 g6 4. d4 Bg7 5. Nf3 O-O 6. Be2 c6 7. O-O Qc7 8. Bg5
Nbd7 9. Qd2 Re8 10. Rac1 Nf8 11. d5 Bg4 12. Ne1 Bxe2 13. Qxe2 N6d7 14. Nd3 Ne5
15. Nxe5 Bxe5 16. Kh1 Rac8 17. f4 Bg7 18. Qf3 e6 19. f5 exf5 20. exf5 gxf5 21.
Qxf5 Re5 22. Qg4 Qd7 23. Qg3 Rf5 24. Ne4 Kh8 25. Rxf5 Qxf5 26. Nxd6 Qd7 27.
Nxc8 Qxc8 28. dxc6 Qxc6 29. b3 h6 30. Bd2 Ng6 31. Bc3 Qe4 32. Bxg7+ Kxg7 33.
Rf1 a6 34. Qf3 Qe7 35. Qd5 f6 36. Rd1 Ne5 37. Qd6 Qf7 38. h3 Kg6 39. Rf1 Kg7
40. Qxe5 fxe5 41. Rxf7+ Kxf7 42. Kg1 h5 43. g3 Ke6 44. Kf2 Kd6 45. Ke3 b5 46.
cxb5 axb5 47. a4 1-0